Invitation to psychology / (Record no. 4224)

MARC details
000 -LEADER
fixed length control field 01285cam a2200373 a 4500
001 - CONTROL NUMBER
control field 14674422
003 - CONTROL NUMBER IDENTIFIER
control field mut
005 - DATE AND TIME OF LATEST TRANSACTION
control field 20240606080931.0
008 - FIXED-LENGTH DATA ELEMENTS--GENERAL INFORMATION
fixed length control field 061218s2008 njua b 001 0 eng
010 ## - LIBRARY OF CONGRESS CONTROL NUMBER
LC control number 2006102412
015 ## - NATIONAL BIBLIOGRAPHY NUMBER
National bibliography number GBA825955
Source bnb
016 7# - NATIONAL BIBLIOGRAPHIC AGENCY CONTROL NUMBER
Record control number 014537783
Source Uk
020 ## - INTERNATIONAL STANDARD BOOK NUMBER
International Standard Book Number 0131750631
020 ## - INTERNATIONAL STANDARD BOOK NUMBER
International Standard Book Number 9780131750630
020 ## - INTERNATIONAL STANDARD BOOK NUMBER
International Standard Book Number 9780136016090 (pbk.)
020 ## - INTERNATIONAL STANDARD BOOK NUMBER
International Standard Book Number 013601609X (pbk.)
035 ## - SYSTEM CONTROL NUMBER
System control number (OCoLC)ocm77504226
035 ## - SYSTEM CONTROL NUMBER
System control number (OCoLC)77504226
Canceled/invalid control number (OCoLC)176888831
040 ## - CATALOGING SOURCE
Original cataloging agency DLC
Transcribing agency DLC
Modifying agency BAKER
-- BTCTA
-- YDXCP
-- UKM
-- CLE
-- DLC
050 00 - LIBRARY OF CONGRESS CALL NUMBER
Classification number BF121
Item number .W265 2008
082 00 - DEWEY DECIMAL CLASSIFICATION NUMBER
Classification number 150
Edition information 22
100 1# - MAIN ENTRY--PERSONAL NAME
Personal name Wade, Carole
Titles and words associated with a name (Professor of psychology)
245 10 - TITLE STATEMENT
Title Invitation to psychology /
250 ## - EDITION STATEMENT
Edition statement 4th ed.
260 ## - PUBLICATION, DISTRIBUTION, ETC.
Place of publication, distribution, etc. Upper Saddle River, NJ :
Name of publisher, distributor, etc. Pearson/Prentice Hall,
Date of publication, distribution, etc. 2008.
300 ## - PHYSICAL DESCRIPTION
Extent 501 p. :
Other physical details ill. (some col.) ;
Dimensions 28 cm.
504 ## - BIBLIOGRAPHY, ETC. NOTE
Bibliography, etc. note Includes bibliographical references and indexes.
650 #0 - SUBJECT ADDED ENTRY--TOPICAL TERM
Topical term or geographic name entry element Psychology.
700 1# - ADDED ENTRY--PERSONAL NAME
Personal name Tavris, Carol.
856 41 - ELECTRONIC LOCATION AND ACCESS
Materials specified Table of contents only
Uniform Resource Identifier <a href="http://www.loc.gov/catdir/toc/ecip077/2006102412.html">http://www.loc.gov/catdir/toc/ecip077/2006102412.html</a>
906 ## - LOCAL DATA ELEMENT F, LDF (RLIN)
a 7
b cbc
c orignew
d 1
e ecip
f 20
g y-gencatlg
942 ## - ADDED ENTRY ELEMENTS (KOHA)
Source of classification or shelving scheme Library of Congress Classification
Koha item type Books
Holdings
Withdrawn status Lost status Source of classification or shelving scheme Damaged status Not for loan Home library Current library Date acquired Total checkouts Full call number Barcode Date last seen Price effective from Koha item type
    Library of Congress Classification     Murang'a University of Technology Library Murang'a University of Technology Library 17/01/2017   BF121 .W265 2008 004467 30/08/2024 17/01/2017 Books